El impacto de la Generación Y en las organizaciones : claves y desafíos de una nueva época /
Guardado en:
| Autor Principal: | |
|---|---|
| Formato: | Libro |
| Idioma: | Spanish |
| Publicado: |
Buenos Aires :
EDICON Fondo Editorial Consejo,
2012.
|
| Edición: | 1a. ed. |
| Materias: | |
| Etiquetas: |
Agregar Etiqueta
Sin Etiquetas, Sea el primero en etiquetar este registro!
|
| LEADER | 00744nam a22002055a 4500 | ||
|---|---|---|---|
| 001 | EAD.ead003233 | ||
| 008 | 120731s2012####ag#######b####000#0#spa#d | ||
| 005 | 20170503134958.0 | ||
| 245 | 1 | 3 | |a El impacto de la Generación Y en las organizaciones : |b claves y desafíos de una nueva época / |c Martín Cuesta. |
| 250 | |a 1a. ed. | ||
| 260 | |a Buenos Aires : |b EDICON Fondo Editorial Consejo, |c 2012. | ||
| 300 | |a 164 p. ; |c 21 cm. | ||
| 504 | |a Incluye referncias bibliográficas (p. 157-164). | ||
| 020 | |a 9789876601160 | ||
| 100 | 1 | |a Cuesta, Martín. | |
| 082 | 0 | 4 | |a 658.406 |2 21 |
| 650 | 7 | |a Cultura empresarial. |2 isoc | |
| 650 | 7 | |a Cambio organizacional. |2 unbist | |
| 653 | |a Millennials | ||
| 859 | |a AR-BaBDC |b BIB. ADMINISTRACION - Libros |h 658.406 |i C894 |p b06503 | ||
